000 00282nam a22001337a 4500
008 171222b xxu||||| |||| 00| 0 eng d
020 _a9780517065594
041 _aeng
080 _a902
100 _a45
101 _aARK
245 _aANCIENT TIMES
_cO'NEILL,A
942 _2udc
_cBK
999 _c39357
_d39357